000 00960nam a2200301 i 4500
001 000011099
003 DO-SdBNP
005 20260304094324.0
007 ta
008 091014s1984 dr 000 p spa d
040 _aDO-SdBNP
_bspa
_cBNPHU
_erda
041 _aspa
082 _aRD861.44
_bR139p
_222
100 1 _aRaful, Tony,
_d1951-
_eautor
_91377
245 1 0 _aPájaros y horizontes sitiados /
_cTony Raful ; prólogo Pedro Peix.
264 _aSanto Domingo :
_bGente,
_c1984.
300 _a64 páginas ;
_c21 cm.
336 _ardacontent
_btexto
_2txt
337 _ardamedia
_bsin mediación
_2n
338 _ardacarrier
_bvolumen
_2nc
500 _aIncluye datos biográficos del autor en la contracubierta.
590 _aInventariado, 2025/DG
650 0 _aPoesía dominicana
_966
650 0 _aLiteratura dominicana.
_967
700 1 2 _aPeix, Pedro
_d1952-2015
_eprólogo
_925675
910 _aValidado. Control de calidad MFF
942 _2ddc
_cLBS1
999 _c10824
_d10824